000 00409nam a2200109Ia 4500
008 171204s9999 xx 000 0 und d
245 4 _aThe Psychology of Information Security: Resolving Conflicts Between Security Compliance and Human Behaviour
245 _cIT Governance Publishing
260 _c2016
650 _xFUNDAMENTALS OF INFORMATION SECURITY
856 _uhttp://down.ebook777.com/053/B01N7T4WDI.pdf
999 _c347190
_d347190